Rompp Lexikon Chemie T-Z

Saved in:
Bibliographic Details
Other Authors: Falbe, Jürgen, Regitz, Manfred
Format: Book
Language:German
Published: Stuttgart Georg Thieme 1999
Edition:10., vollig übearb, Aufl.
Subjects:
Online Access:View in OPAC
Tags: Add Tag
No Tags, Be the first to tag this record!

MARC

LEADER 00000nam a2200000 a 4500
005 20260127134217.0
008 090506 1999 gw 000 0 ger d
020 |a 3137351103 (Band 5) 
035 |a vtls009505648 
039 9 |y 200905061020  |z mschk03 
040 |a STUSCHK1  |b slo  |c STUSCHK1  |e AACR2 
245 1 |a Rompp Lexikon Chemie  |b T-Z  |c Hrsg. Jürgen Falbe, Manfred Regitz 
250 |a 10., vollig übearb, Aufl. 
260 |a Stuttgart  |b Georg Thieme  |c 1999 
300 |a xii, 4365-5439 s.  |b il.  |c 24,5 cm 
650 0 |a chémia 
650 0 |a lexikón 
700 1 |a Falbe, Jürgen 
700 1 |a Regitz, Manfred 
910 |a SCHK95 
919 |a 3-13-735110-3 
999 |c 6803  |d 6803